| 000 | 00703cab a2200265 4500 | ||
|---|---|---|---|
| 001 | X183 | ||
| 008 | 090401t1992 xxu||||| |||| 00| 0 eng d | ||
| 035 | _a(Sirsi) u64284 | ||
| 041 | _aeng | ||
| 100 | _aSkaburskis, A. | ||
| 245 | 3 | _aAn empirical estimation of the price effects of development impact fees | |
| 260 | _c1992 | ||
| 350 | _a0 | ||
| 490 |
_aUrban Studies _v29(5) 1992, 653-667(16) |
||
| 650 | _aCANADA | ||
| 650 | _aDEVELOPMENT IMPACT FEES | ||
| 650 | _aLAND PRICES | ||
| 650 | _aTORONTO | ||
| 690 | _aPROPERTY-PROPERTY DEVELOPMENT | ||
| 690 | _aOVERSEAS-NORTH AMERICA | ||
| 690 | _aPLANNING LAW AND PRACTICE | ||
| 700 | _aQadeer, M. | ||
| 942 | _n0 | ||
| 948 | _c04/03/1997 | ||
| 999 |
_c40028 _d40028 |
||